| 000 | 01644nam a22005417a 4500 | ||
|---|---|---|---|
| 005 | 20171214113635.0 | ||
| 008 | 171214b xxu||||| |||| 00| 0 spa d | ||
| 020 | _a8448142810 | ||
| 041 | _aspa | ||
| 082 | _a658.15 S556d | ||
| 100 |
_aShim, Jae _945124 |
||
| 100 |
_aSiegel, Joel _945125 |
||
| 245 | _aDirección financiera | ||
| 250 | _a2 edición | ||
| 260 | _aEspaña | ||
| 260 | _bMcGraw-Hill | ||
| 260 | _c2004 | ||
| 300 | _a500 páginas | ||
| 650 |
_aADMINISTRACIÓN FINANCIERA _927 |
||
| 650 |
_aANÁLISIS FINANCIERO _966 |
||
| 650 |
_aPRESUPUESTOS FINANCIEROS _945126 |
||
| 650 |
_aCAPITAL CIRCULANTE _945127 |
||
| 650 |
_aGESTIÓN DE EFECTIVO _945128 |
||
| 650 |
_aCUENTAS POR COBRAR _94411 |
||
| 650 |
_aFINANZAS A CORTO PLAZO _945129 |
||
| 650 |
_aPRÉSTAMOS BANCARIOS _926933 |
||
| 650 |
_aVALOR DEL DINERO _914739 |
||
| 650 |
_aPRESUPUESTACIÓN DE CAPITALES _945130 |
||
| 650 |
_aCOSTE DEL CAPITAL _945131 |
||
| 650 |
_aAPALANCAMIENTO _945132 |
||
| 650 |
_aESTRUCTURA DE CAPITALES _945133 |
||
| 650 |
_aPOLÍTICA DE DIVIDENDOS _914745 |
||
| 650 |
_aPRÉSTAMO A PLAZO _945134 |
||
| 650 |
_aARRENDAMIENTOS _911708 |
||
| 650 |
_aENDEUDAMIENTO A LARGO PLAZO _945135 |
||
| 650 |
_aPRÉSTAMOS HIPOTECARIOS _945136 |
||
| 650 |
_aBONOS A PAGAR _945137 |
||
| 650 |
_aWARRANTS _945138 |
||
| 650 |
_aFUSIONES _945139 |
||
| 650 |
_aADQUISICIONES _945140 |
||
| 650 |
_aFUSIÓN DE EMPRESAS _945141 |
||
| 650 |
_aSOCIEDAD CONTROLANTE _945142 |
||
| 650 |
_aQUIEBRA _91000 |
||
| 650 |
_aREORGANIZACIÓN _927138 |
||
| 650 |
_aFINANZAS INTERNACIONALES _916038 |
||
| 650 |
_aTIPOS DE CAMBIO _96006 |
||
| 942 | _cBK | ||
| 999 |
_c10169 _d10169 |
||